[Event "Hoogovens"]
[Site "Wijk aan Zee"]
[Date "1997.01.25"]
[Round "6"]
[White "Onischuk, Alexander"]
[Black "Timman, Jan H"]
[Result "1/2-1/2"]
[WhiteElo "2580"]
[BlackElo "2630"]
[Annotator "Wedberg,T"]
[PlyCount "97"]
[EventDate "1997.01.18"]
[EventType "tourn"]
[EventRounds "13"]
[EventCountry "NED"]
[EventCategory "16"]
[SourceTitle "CBM 057"]
[Source "ChessBase"]
[SourceDate "1997.04.01"]
[SourceVersion "1"]
[SourceVersionDate "1997.04.01"]
[SourceQuality "1"]

1. e4 e5 2. Nf3 Nc6 3. Bb5 a6 4. Ba4 Nf6 5. O-O Nxe4 6. d4 b5 7. Bb3 d5 8. dxe5
Be6 9. Nbd2 Nc5 10. c3 Be7 11. Bc2 Bg4 12. Re1 O-O 13. h3 Bh5 14. Nf1 Re8 15.
g4 {Very ambitious. White wins a P, but Black has plenty of counterplay.} (15.
Ng3 Bg6 16. Be3 (16. Nf5 Ne6 17. Nxe7+ Nxe7 18. Bb3 h6 19. Be3 c6 20. Nd4 Qd7
21. f4 Nf5 $6 (21... Nxd4 22. cxd4 Be4 $11) 22. Nxf5 Bxf5 23. g4 Be4 24. f5 $16
{1-0 Tumurhuyag,N-Bayarsayhan,Y/MGL-ch Erdenet 1994 (31)}) 16... Ne6 17. Bxg6
hxg6 18. Qc2 Qd7 19. Rad1 Na5 20. h4 Nc4 21. Bc1 c5 22. h5 (22. b3 Nb6 23. h5
gxh5 24. Nxh5 Nf8 {1/2-1/2 Bossert,C-Kindl,P/Zalaegerszeg 1993}) 22... gxh5 23.
Nxh5 Rad8 24. b3 Nb6 25. Qf5 Qc6 $13 {Sznapik,A-Marin,M/Budapest zt-B 1993/0-1
(59)}) 15... Bg6 16. Bxg6 hxg6 17. Ne3 Qd7 18. b4 {White could have eaten the
d5-pawn fried or boiled, but it wasn't tasty either way. So White tries the
b4-ketchup.} (18. Nxd5 Rad8 19. Nxe7+ Qxe7 20. Qc2 Nd3 21. Bg5 Nxe1 22. Rxe1 f6
23. exf6 (23. Qxg6 Qf7 $15) 23... Qf7 $15) (18. Qxd5 Red8 19. Qxd7 Rxd7 20. Nc2
Nd3 21. Re2 Bc5 $44) 18... Na4 19. Nxd5 Rad8 20. Nxe7+ Qxe7 21. Qc2 Qd7 $1 22.
Kg2 (22. Bg5 Qd3 $132) 22... Qd3 $36 23. Qxd3 Rxd3 24. e6 (24. Bd2 $142) 24...
fxe6 25. Bd2 $2 (25. Bg5 $142 Nxc3 26. a3 $15) 25... e5 $6 (25... Rf8 $1 {
This is more or less a deciding move.} 26. Be3 (26. Re3 Rxf3 27. Kxf3 Rxd2 28.
Rxe6 Rd3+ 29. Kg2 (29. Re3 Rxc3 30. Rxc3 Nxc3 31. a3 Nd4+ 32. Kg2 g5 $17) 29...
Rxc3 $17) (26. Rxe6 Rdxf3 $19) 26... Nxc3 27. Ng5 (27. a3 Rxf3 28. Kxf3 Nd4+
29. Kg3 Nc2 $17) 27... Nd5 28. Nxe6 Re8 $17) 26. Re3 Red8 27. Rxd3 Rxd3 28. Re1
Nb6 29. Re3 Rd6 30. Re2 Nc4 31. Be1 Rd3 $17 32. Re4 Kf7 33. Ng5+ Ke7 34. f4 Kd6
35. fxe5+ N6xe5 36. Rd4+ Rxd4 37. cxd4 Nd3 38. Bc3 Nc1 39. d5 Ne5 $2 (39...
Nxa2 40. Bxg7 Kxd5 41. Bf8 Ne5 42. Kg3 Nd7 43. Be7 c5 $17) 40. Nf3 Ncd3 (40...
Nxf3 41. Kxf3 Nxa2 42. Bxg7 Kxd5 43. Bf8 $11) 41. Kg3 Nxf3 42. Kxf3 Kxd5 43.
Ke3 Ne5 44. Kf4 Nd3+ 45. Kg5 Nf2 46. Kxg6 Nxh3 47. Bxg7 c5 48. bxc5 Kxc5 49.
Kf5 1/2-1/2

[Event "Politiken Cup 18th"]
[Site "Copenhagen"]
[Date "1996.??.??"]
[Round "5"]
[White "Borge, Nikolaj"]
[Black "Hartman, Christer"]
[Result "0-1"]
[WhiteElo "2455"]
[BlackElo "2370"]
[Annotator "Wedberg,T"]
[PlyCount "82"]
[EventDate "1996.06.??"]
[EventType "swiss"]
[EventRounds "11"]
[EventCountry "DEN"]
[SourceTitle "CBM 054"]
[Source "ChessBase"]
[SourceDate "1996.10.01"]
[SourceVersion "1"]
[SourceVersionDate "1996.10.01"]
[SourceQuality "1"]

1. e4 e5 2. Nf3 Nc6 3. Bb5 a6 4. Ba4 Nf6 5. O-O Nxe4 6. d4 b5 7. Bb3 d5 8. dxe5
Be6 9. Nbd2 Nc5 10. c3 Be7 11. Bc2 Bg4 (11... d4 12. Ne4 {This is usually
accompanied by an !, but I m not so sure White is better after this.} dxc3 $2 (
12... d3 $1 13. Nxc5 dxc2 14. Qxd8+ Rxd8 $5 {This is a novelty as far as I
know.} (14... Nxd8 15. Nxe6 Nxe6 16. Be3 $16) 15. Nxe6 (15. Nxa6 Kd7 $1 $132)
15... fxe6 16. Be3 (16. Bf4 Rf8 17. Bg3 g5 18. h3 Rxf3 19. gxf3 Rd2 $36) 16...
Rd5 17. Rac1 Nxe5 18. Nxe5 Rxe5 19. Rxc2 O-O 20. Rd2 Rd5 $10) 13. Nxc5 Bxc5 14.
Be4 Qd7 15. Qc2 Bd5 16. bxc3 Rd8 17. Bg5 $16 {Capablanca-Chajes/New York/1916})
12. Re1 d4 13. h3 Bh5 14. Ne4 $2 {White is confusing the lines. There is one
line where Ne4 is considered to be the right reaction to d5-d4 in the open -
but it s not this one! See the comment to Blacks 11:th.} (14. Nb3 d3 15. Bb1
Nxb3 16. axb3 Bg6 17. Be3 O-O 18. Bd4 Nxd4 19. cxd4 Bb4 20. Re3 c5 21. Bxd3
cxd4 22. Re2 {Good for White according to the old theory.} Bh5 $5 23. g4 Bg6
24. Bxg6 fxg6 25. Re4 (25. Nxd4 $5) 25... Bc5 26. Qd3 Ra7 27. b4 Raf7 $132 {
1/2-1/2 Dimitrov,V-Delchev,A/Elenite-B (01) ;EXP 43 1994 (43)}) 14... d3 $1 15.
Nxc5 (15. Bb1 Nxe4 16. Rxe4 Bg6 17. Re1 O-O $15) 15... dxc2 16. Qxd8+ Rxd8 17.
Nb3 (17. Nxa6 Bxf3 18. gxf3 Rd1 19. Bf4 Rxa1 20. Rxa1 Kd7 $17) 17... Bxf3 18.
gxf3 a5 19. a4 Rd1 20. Be3 Rxe1+ 21. Rxe1 Nxe5 22. Nd4 c5 23. Nxb5 Nxf3+ 24.
Kf1 Nxe1 25. Kxe1 $19 Kd7 26. Kd2 h5 27. Na3 g5 28. f3 f5 29. Nc4 Ke6 30. Kxc2
g4 31. fxg4 hxg4 32. hxg4 fxg4 33. Kd3 g3 34. Ke2 Kd5 35. b3 Bf6 36. Bd2 Rh4
37. Kd3 Bd8 38. Be1 Bc7 39. Ne3+ Ke6 40. Ke2 Rh2+ 41. Kf3 Rb2 0-1

[Event "Beersheba"]
[Site "Beersheba"]
[Date "1996.??.??"]
[Round "2"]
[White "Shmuter, Leonid"]
[Black "Bykhovsky, Avigdor"]
[Result "0-1"]
[WhiteElo "2490"]
[BlackElo "2405"]
[Annotator "Wedberg,T"]
[PlyCount "104"]
[EventDate "1996.03.??"]
[EventType "tourn"]
[EventRounds "11"]
[EventCountry "ISR"]
[EventCategory "10"]
[SourceTitle "CBM 053"]
[Source "ChessBase"]
[SourceDate "1996.08.01"]
[SourceVersion "1"]
[SourceVersionDate "1996.08.01"]
[SourceQuality "1"]

1. e4 {Bykhovsky,Av} e5 2. Nf3 Nc6 3. Bb5 a6 4. Ba4 Nf6 5. O-O Nxe4 6. d4 b5 7.
Bb3 d5 8. dxe5 Be6 9. c3 Be7 (9... Bc5 $5 {Bykhovsky,Av}) 10. Nbd2 Nc5 11. Bc2
Bg4 12. Re1 (12. Qe1 $6 {Bykhovsky,Av} Ne6 13. h3 Bh5 14. Nh2 Bg6 15. Bxg6 $5
$146 fxg6 16. Nb3 g5 17. Nf3 Qd7 18. Nbd4 Ncxd4 19. Nxd4 O-O $15 {Postny,
A-Bykhovsky,Av/Haifa/1996/}) 12... Qd7 13. Nf1 Bh5 14. Ne3 Rd8 15. b4 {This
move caused a sensation in 1988. Just as Black (read Kortchnoi) had managed to
defuse 15.Sf5, Hjartarsson crushed him with 15.b4. The basic idea is to force
back the knight to e6.} (15. Nf5 O-O 16. Nxe7+ Nxe7 17. Be3 (17. b4 Ne4 (17...
Na4 18. Bxh7+ $1 Kxh7 19. e6 $1 {1-0/Hübner,R-Kortchnoi,V/Tilburg/1987}) 18.
Bxe4 dxe4 19. Qxd7 Rxd7 20. Ng5 Bg6 21. e6 Rd3 22. exf7+ Bxf7 23. Nxe4 Nd5 24.
a3 (24. f3 Bg6 25. Kf2 Re8 $44 {Sokolov,A-Kortchnoi/Tilburg/1987/0-1/52}) 24...
Nxc3 25. Nxc3 Rxc3 26. Be3 Re8 27. Red1 $14 {Huebner,R-Zak,U/Lugano op (3)
1989/1-0 (85)}) 17... Na4 (17... Ne4 18. Qd3 Ng6 19. Bc1 Rde8 20. Nd4 Nc5 21.
Qg3 Ne4 22. Bxe4 dxe4 23. Rxe4 c5 $132 {1/2-1/2 Mestel,A-Korchnoi,V/Beersheba
1988 (49)}) (17... Ne6 $6 18. Bxh7+ $1 Kxh7 19. Ng5+ Kg6 20. g4 $40) 18. Qd3
Bg6 (18... Ng6 19. b3 (19. e6 $6 fxe6 20. Ne5 Nxb2 21. Nxd7 Nxd3 22. Nxf8 Nxe1
23. Bxg6 Bxg6 $15 {Marjanovic,S-Kortchnoi,V/Beograd/1987/0-1/47}) (19. Bc1 $5 {
Kortchnoi,V}) 19... Bxf3 20. gxf3 Qh3 21. Bd2 Nc5 22. Qf5 Qxf5 23. Bxf5 Rfe8
24. Be3 Ne6 $10 {1/2-1/2 Van der Wiel,J-Hjartarson,J/Rotterdam WCup 1989 (41)})
19. Qe2 Nf5 20. Bxa4 bxa4 21. Bc5 Rfe8 22. Qxa6 $14 {Spangenberg,H-Sorin,A/San
Martin (02) ;CBM 48 1995/1/2-1/2 (78)}) 15... Ne6 (15... Na4 $4 16. Bf5 {
Trapping the queen.}) 16. g4 (16. Nf5 O-O (16... d4 $6 17. Be4 $1 Bg6 18. g4 h5
19. h3 Kf8 20. a4 hxg4 21. hxg4 Qe8 22. axb5 axb5 23. Ra6 $1 $18 {Hjartarsson,
J- Kortchnoi,V, Saint John (m/1) 1988.}) 17. a4 Rfe8 18. axb5 axb5 19. Qd3 Bg6
20. Qxb5 Nxe5 21. Qxd7 Nxd7 22. Nxe7+ Rxe7 23. Bxg6 (23. Bb3 Be4 24. Nd4 Nxd4
25. cxd4 $14 {1/2-1/2 Horvath,C-Kuczynski,R/Dresden 1988 (41)}) 23... hxg6 24.
Nd4 $1 $14 {Rodriguez,Am- Marin,M, Novi Sad (ol) 1990, 50/370.}) 16... Bg6 17.
Nf5 O-O 18. a4 Rfe8 (18... d4 $5 19. axb5 axb5 20. Be4 Rfe8 21. Qd3 Nb8 22. Bd2
c5 $132 {1/2-1/2 Haba,P-Marin,M/Budapest zt-B (01) 1993 (31)}) 19. axb5 axb5
20. Bd3 Rb8 21. Qe2 Ncd8 22. Ra7 $14 d4 $5 {This counter is Blacks main weapon,
hitting the weak structure c3-d4.} 23. Rd1 {N/} (23. N3xd4 Nxd4 24. cxd4 Bxb4
25. Rd1 $13) (23. cxd4 {Bykhovsky,Av} Bxb4 24. Rd1 $16 {Shabalov,A-Vukic,M/New
York/1993/1:0/35/}) 23... dxc3 $1 24. Bc4 (24. Nh6+ gxh6 25. Bxg6 Nf4 $1 $19) (
24. Be4 Qc8 $17) 24... Qc6 25. Bd5 c2 $8 (25... Qb6 $4 26. Nxe7+ (26. Be3 $18 {
Bykhovsky,Av}) 26... Rxe7 27. Be3 {+-}) 26. Bxc6 cxd1=Q+ 27. Qxd1 Nxc6 28. Ra1
Bxb4 29. Qd7 (29. Bb2) (29. Qd5 {Bykhovsky,Av} Ne7 $17) 29... Bc3 30. Qxc6 $2 (
30. Rb1 $142 $13) 30... Bxa1 $17 31. Ba3 Red8 32. Be7 Rd1+ (32... Rd3 $32 {
Bykhovsky,Av}) 33. Kg2 Nf4+ 34. Kg3 Rc1 35. Qd7 Ne6 36. Ba3 {T/} (36. Bb4 $32 {
Bykhovsky,Av /\Ne7/}) 36... Rc3 37. Ne7+ Kh8 38. Nxg6+ hxg6 39. Bb4 Rb3 40.
Qxf7 Bxe5+ 41. Kh4 (41. Kg2 {Bykhovsky,Av} Nf4+ 42. Kg3 Rd3 43. Bd2 Bd6 $1 44.
Bxf4 Rf8 45. Qxg6 Rxf4 $19) 41... Bf6+ 42. Kg3 Rxf3+ $19 43. Kg2 Rf4 44. Qxe6
Rxb4 45. h4 Rf8 46. g5 Rf4 47. gxf6 R4xf6 48. Qe4 Rxf2+ 49. Kg1 R2f4 50. Qc6 b4
51. Qxc7 Kh7 52. Qe7 b3 0-1

[Event "Novgorod"]
[Site "Novgorod"]
[Date "1995.06.03"]
[Round "7"]
[White "Ivanchuk, Vassily"]
[Black "Timman, Jan H"]
[Result "1/2-1/2"]
[WhiteElo "2700"]
[BlackElo "2635"]
[Annotator "Wedberg,T"]
[PlyCount "63"]
[EventDate "1995.05.??"]
[EventType "tourn"]
[EventRounds "9"]
[EventCountry "RUS"]
[EventCategory "17"]
[SourceTitle "CBM 048"]
[Source "ChessBase"]
[SourceDate "1995.10.01"]
[SourceVersion "1"]
[SourceVersionDate "1995.10.01"]
[SourceQuality "1"]

1. e4 e5 2. Nf3 Nc6 3. Bb5 a6 4. Ba4 Nf6 5. O-O Nxe4 6. d4 b5 7. Bb3 d5 8. dxe5
Be6 9. c3 Bc5 10. Nbd2 O-O 11. Bc2 Bf5 12. Nb3 Bg6 13. Nfd4 Bxd4 14. cxd4 a5
15. Be3 a4 16. Nc1 a3 17. b3 f6 18. Nd3 fxe5 19. Nxe5 Nxe5 20. Bxe4 dxe4 {
New. The idea is to open a file to exchange heavy pieces.} (20... Bxe4 21. dxe5
$14 {Aseev-Korneev/Krumbach/1991}) 21. dxe5 Qxd1 22. Rfxd1 Rfd8 23. h3 (23.
Rdc1 $5 Rac8 24. Rc2 Kf7 25. Rac1 Ke6 26. Rc5 Be8 $13) 23... Bf7 24. Rxd8+ Rxd8
25. Rc1 Rc8 26. Bc5 Bd5 27. Kf1 (27. Bxa3 Ra8 $10) 27... c6 $10 28. Ke2 Kf7 29.
Ke3 Ke6 30. Bd6 Ra8 31. Kd4 Ra7 32. Ke3 1/2-1/2

[Event "Reykjavik zt"]
[Site "Reykjavik"]
[Date "1995.??.??"]
[Round "11"]
[White "Mortensen, Erling"]
[Black "Ernst, Thomas"]
[Result "1/2-1/2"]
[WhiteElo "2500"]
[BlackElo "2465"]
[Annotator "Wedberg,T"]
[PlyCount "85"]
[EventDate "1995.03.??"]
[EventType "swiss"]
[EventRounds "11"]
[EventCountry "ISL"]
[SourceTitle "CBM 047"]
[Source "ChessBase"]
[SourceDate "1995.08.01"]
[SourceVersion "1"]
[SourceVersionDate "1995.08.01"]
[SourceQuality "1"]

1. e4 e5 2. Nf3 Nc6 3. Bb5 a6 4. Ba4 Nf6 5. O-O Nxe4 6. d4 b5 7. Bb3 d5 8. dxe5
Be6 9. c3 Bc5 10. Qd3 O-O 11. Nbd2 f5 12. exf6 Nxf6 13. a4 Rb8 (13... b4 14.
Ng5 Ne5 15. Qg3 Qd6 16. cxb4 Bxb4 17. Re1 Nfg4 18. Rxe5 Nxe5 19. Nde4 $16 {
Ivanchuk,V-Piket,J/Monaco blind/1994}) 14. axb5 axb5 15. Ng5 Ne5 16. Qg3 Qd6
17. Ndf3 {N} (17. Bc2 Bd7 18. Nb3 Bb6 19. Bf4 Rbe8 20. Nd4 Nh5 21. Bxe5 Rxe5
22. Bxh7+ Kh8 23. Qh4 g6 24. f4 Rxg5 25. Qxg5 Kxh7 $17 {Sokolov,A-Timman,J/
Reykjavik/1988}) 17... Nxf3+ 18. gxf3 Bf5 19. Qxd6 (19. Bf4 Qd7 20. Bxc7 Rbc8
21. Be5 h6 22. Ne4 Bxe4 23. Bxf6 Rxf6 24. fxe4 Rcf8 $40) 19... Bxd6 20. Ne4 b4
(20... Bxe4 21. fxe4 c6 22. Bg5 $14) 21. Nxf6+ Rxf6 22. Bxd5+ Be6 23. Bxe6+
Rxe6 $10 24. Be3 bxc3 25. bxc3 Rf8 $132 26. Ra4 Rxf3 27. Kg2 Rf5 28. h3 h5 29.
Rd1 $2 Rg6+ 30. Kf1 Rg3 $17 31. Ke2 Rxh3 32. Re4 Bc5 $2 33. Rd7 $132 Bxe3 34.
fxe3 Rh2+ 35. Kd3 h4 36. Rxc7 h3 37. Rh4 Rh1 38. Ke4 Rf2 39. Rg4 $10 Rf7 40.
Rc8+ Rf8 41. Rc7 Rf7 42. Rc8+ Rf8 43. Rc7 1/2-1/2

[Event "Budapest FS03 GM"]
[Site "Budapest"]
[Date "1996.??.??"]
[Round "2"]
[White "Acs, Peter"]
[Black "Gyimesi, Zoltan"]
[Result "0-1"]
[WhiteElo "2440"]
[BlackElo "2545"]
[Annotator "Wedberg,T"]
[PlyCount "138"]
[EventDate "1996.03.??"]
[EventType "tourn"]
[EventRounds "13"]
[EventCountry "HUN"]
[EventCategory "9"]
[SourceTitle "CBM 053"]
[Source "ChessBase"]
[SourceDate "1996.08.01"]
[SourceVersion "1"]
[SourceVersionDate "1996.08.01"]
[SourceQuality "1"]

1. e4 {Kortschnoj Baburin} e5 2. Nf3 Nc6 3. Bb5 Nf6 4. O-O Nxe4 5. d4 a6 6. Ba4
b5 7. Bb3 d5 8. dxe5 Be6 9. c3 Bc5 10. Nbd2 O-O 11. Bc2 Nxf2 {The Dilworth is
considered good for White in theory, but in practice its a different picture.
Black gets a lot of play in return for a minimal investment.  Baburin: [#]
This is quite a playable line, although other moves here - 11...Bf5 & 11...f5
are more popular. After the text the character of the game is changed
radically and probably this is one of the main goals of Black in this system.}
12. Rxf2 f6 13. exf6 Bxf2+ 14. Kxf2 Qxf6 {Baburin: Sometimes the material
correlation "rook + pawn(-s) vs two minor pieces" arises in a game at an early
stage as a direct result of an opening line, and here we have such an example
- 11...Nxf2 in the Open Ruy Lopez. In order to give an overview of this
variation, I just supplied some games, played with this system. My general
comment is that such imbalanced positions require particularly energetic play
- the price of every move is very high!} 15. Nf1 (15. Kg1 Rae8 16. Qf1 (16. Nf1
Ne5 17. Be3 Nxf3+ 18. gxf3 Qxf3 19. Qxf3 Rxf3 20. Bf2 $14 {Kortchnoi/ECO})
16... g5 $5 (16... Kh8 17. h3 Bf7 18. Nb3 Bh5 19. Bg5 Qd6 20. Qd3 Bg6 21. Qd1
Rxf3 22. Bxg6 Ref8 $19 {Kozlov-Estrin/USSR/1973}) 17. Qd3 Rf7 18. h3 g4 19.
hxg4 Bxg4 20. Qxd5 Ne5 21. Bb3 Kh8 22. Nxe5 Rxe5 23. Qxe5 Qxe5 24. Bxf7 Qe3+
$13 {1/2-1/2 Varga,C-Turzo,A/Budapest Schneider op (04) ;EXP 46 1995 (35)})
15... Ne5 16. Be3 Rae8 17. Bc5 (17. Bd4 Qh4+ (17... Bg4 18. N1d2 Qh4+ (18...
Qf4 19. Kg1 Nxf3+ 20. Nxf3 Bxf3 (20... c6 {Baburin} 21. Bd3 Bxf3 22. Qxf3 Qxf3
23. gxf3 Rxf3 24. Rd1 a5 25. Kg2 Rf4 26. Kg3 g5 27. Rf1 Rxf1 28. Bxf1 h5 29.
Bd3 Kf7 30. Kf2 a4 31. Bf5 Re7 32. Bc5 Rb7 33. Bd6 Kf6 34. Bc8 Ra7 35. Bg3 Ra8
36. Bb7 Ra7 37. Bxc6 {Balashov,Y-Tukmakov,V/USSR (ch) 24/281 1977/1/2-1/2 (64)}
) 21. gxf3 Qxf3 22. Qxf3 Rxf3 23. a4 Re2 24. Bb3 c6 $10 {Tukmakov}) 19. Kg1
Nxf3+ 20. gxf3 Bh3 21. Nf1 Qg5+ 22. Ng3 g6 23. Kh1 h5 24. Qd3 Re6 25. Rg1 $36 {
1-0 Apicella,M-Hardarson,R/Reykjavik FRA-ISD (6) 1993 (35)}) 18. Kg1 Nxf3+ 19.
gxf3 Qh5 (19... Bf5 20. Bxf5 Rxf5 $44) (19... Qg5+ 20. Ng3 Bh3 21. a4 g6 (21...
Re6 22. axb5 axb5 23. f4 Rxf4 24. Qh5 {+/= Enders,P-Chekhov,V/Dresden 40/(413)
1985}) 22. axb5 axb5 23. Bf2 h5 {1/2-1/2 Cseshkovsky,V-Chekhov,V/Rostock 38/
439 1984}) 20. Ng3 Qxf3 21. Qxf3 Rxf3 22. Kg2 Rf4 23. a4 b4 24. a5 Bg4 $13 {
Renet,O-Kotliar,M/St. Martin op (9) 1993/1/2-1/2 (56)}) (17. Kg1 {Baburin}
Nxf3+ 18. gxf3 Qxf3 19. Qxf3 Rxf3 20. Bf2 Bh3 21. Nd2 $5 {N} (21. Ng3 {- 2/257}
) 21... Rf6 22. Bd3 (22. Re1 Rxe1+ 23. Bxe1 h5 $5) 22... h5 $1 23. Re1 $8 Rxe1+
24. Bxe1 c5 25. Bh4 $6 (25. Bg3 $132) 25... Rf4 26. Bg3 Ra4 27. a3 h4 $36 28.
Bd6 Rg4+ 29. Kf2 Rg2+ 30. Ke1 (30. Ke3 $4 d4+ $19) 30... Rg1+ 31. Nf1 c4 32.
Be2 Kf7 33. Bc5 $1 Rh1 34. Bd6 Rg1 35. Bc5 Rh1 36. Bd6 g5 37. Kf2 Ke6 38. Bb8
g4 39. Bc7 $6 Kf5 40. Bd6 $6 Bxf1 $1 41. Bxf1 {Kaminski,M-Chekhov,V/Zubniewice
58/361 1993/0-1 (56)}) 17... Nxf3 (17... Rf7 18. N1d2 Bf5 19. Kg1 Nd3 20. Bd4
Qd6 21. Qb1 Qg6 22. Nh4 Re1+ 23. Qxe1 Nxe1 24. Rxe1 Qh5 25. Re8+ Rf8 26. Rxf8+
Kxf8 27. Nxf5 Qe2 {1-0 Liberzon,V-Rosino,A/Venezia 18/302 1974}) 18. gxf3 Rf7
19. Kg2 (19. Ng3 {N} Bg4 20. Kg1 Qxf3 (20... Bxf3 21. Qd3 Be4 22. Nxe4 Rxe4 23.
Qxd5 Rg4+ 24. Kh1 c6 25. Qd3 $16) 21. Qxf3 Rxf3 {N} (21... Bxf3 $2 {Baburin}
22. Rf1 $1 $16 Rf6 (22... Bg4 $4 23. Bxh7+ $18) (22... Rf4 23. Bd1 Rc4 $16) 23.
b4 $1 c6 24. Bf5 $2 Be2 25. Re1 Bh5 26. Rxe8+ (26. Be7 $2 Rf7 27. Be6 Bg6 $19)
(26. Re7 Bf7 $10) 26... Bxe8 27. Be7 Rh6 $8 28. Bg5 Rd6 $10 29. Be7 Rh6 30. Bc8
$6 Bf7 { d4} 31. Bxa6 Be6 $15 32. Bc5 Bd7 33. Bb7 Kf7 34. Ne2 Ke6 35. Nd4+ Ke5
$138 36. Nb3 $1 $138 Ke4 37. Bf2 Bh3 38. Nd4 Rg6+ $10 39. Bg3 Rf6 40. Bf2 Rg6+
41. Bg3 Rf6 42. Bf2 Rg6+ {1/2-1/2 Ivanchuk,V-Yusupov,A/Linares 49/397 1990})
22. Rf1 (22. Kg2 h5 23. Bg6 Re6 24. Bxh5 Rxg3+ 25. Kxg3 Bxh5 $15 {1/2-1/2 Leko,
P-Yusupov,A/Horgen CS (02) ;CBM 43 1994 (51)}) 22... Rxf1+ 23. Kxf1 Kf7 24. Bd3
Re6 25. Bd4 Rh6 26. Kg2 Bh3+ 27. Kf2 Bd7 28. Nf1 a5 29. Be2 {1/2-1/2
Groszpeter,A-Gyimesi,Z/Kecskemet ;EXP 45 1994}) (19. Kg1 Qxf3 (19... Qg5+ 20.
Ng3 g6 $13) 20. Qxf3 Rxf3 21. Re1 Kf7 22. Re2 Bh3 23. Rf2 Rf6 24. Ne3 Re5 25.
Rxf6+ gxf6 26. Kf2 $14 {1-0 Shmuter,L-Mikhalevski,V/Rishon le Zion YM (11) ;
CBM 46 1995 (72)}) (19. Bd3 {Baburin N} Bh3 $1 $36 20. Ng3 h5 $1 21. Bf1 $1 (
21. Nxh5 $2 Qg5 22. Ng3 d4 $1 23. Bxd4 c5 $19) 21... Bg4 $5 22. Bg2 h4 23. Nf1
h3 $6 24. Bh1 Re4 (24... Qg6 25. Ng3) 25. Ng3 (25. Be3 $5 $13) 25... Rf4 26.
Kg1 $6 Qc6 $1 27. Be3 Bxf3 28. Qf1 Re4 (28... R4f6 $1 29. Bxf3 Rxf3 30. Qe2 d4
31. Bxd4 Rf2 32. Qe4 Qxe4 33. Nxe4 Rxb2 $17) 29. Qd3 $6 Rg4 { d4} 30. Bd4 Be4
31. Qe2 Qg6 $15 32. Bxe4 dxe4 33. a4 $6 Rf3 34. axb5 axb5 $17 35. b4 $6 Rgxg3+
$1 $40 36. hxg3 Rxg3+ 37. Kh1 e3 {0-1 Short,N-Yusupov,A/Beograd 48/454 1989})
19... Qg5+ $5 {N} (19... h5 20. Qd3 Qg5+ 21. Kh1 Bf5 22. Qxd5 c6 23. Qxc6 Bd7
24. Qg6 (24. Qd6 Re6 25. Qb8+ Re8 26. Qd6 $10) 24... Qxc5 25. Bb3 $16 {
Kuprejcik-Shereshevskij/URS/1978} (25. Bb3 {Baburin} Ree7 26. Ng3 Bc6 $1 {N}
27. Ne4 $1 (27. Rf1 Kf8 $1 28. Bxf7 Rxf7 29. Kg2 h4 $1 30. Ne4 Bxe4 31. Qxe4
Re7 $1 32. Qxh4 Re2+ 33. Rf2 Rxf2+ 34. Qxf2 Qg5+ $1 35. Qg3 Qd2+ $10) 27... Qe3
$6 28. Rf1 Qe2 29. Qg2 $1 Qxg2+ 30. Kxg2 Kf8 31. Bxf7 Rxf7 32. h4 $1 Re7 33.
Kg3 Ke8 34. Re1 $1 Kd8 35. Kf4 Rf7+ 36. Ke3 Kc7 37. Rg1 $1 {1-0 Vojna,
A-Eriksen/corr 52/337 1987})) 20. Ng3 (20. Kh1 Qh5 (20... d4 $1 {Baburin} 21.
Qxd4 (21. Bxd4 $2 Bd5 22. Nd2 Rxf3 $1 23. Nxf3 Re1+ $1 $19) 21... Rxf3 22. Be4
Rf4 23. Re1 (23. Ng3 Rxe4 24. Nxe4 Bd5 25. Re1 Qf5 $19) 23... Rxe4 $1 24. Rxe4
Bd5 $19 {-/+ Gruenfeld,Y-Mikhalevsky,V/Israel (ch) 53/(332) 1991}) (20... d4 $5
$13 {Kortschnoj}) 21. Nd2 Bh3 $13) 20... g6 (20... h5 {Baburin} 21. Kh1 (21. f4
{Kortschnoj} Rxf4 22. Qxh5 Qxh5 23. Nxh5 $16) 21... h4 22. Qd3 Qh6 23. Be3 Qh8
24. Nf1 Bf5 $17 {Soffer,R}) 21. Qd4 (21. a4 $142) 21... Bd7 22. Rf1 (22. h4 $2
{Kortschnoj} Re2+ $19) 22... Rf4 23. Qd3 (23. Qd2 $2 {Kortschnoj} Bh3+ $1 24.
Kh1 Bxf1 25. Nxf1 Qe5 $15) 23... Rh4 $40 24. Rh1 c6 25. Kf2 Qh6 26. Nf1 (26.
Kg2 $2 Re1 $1 27. Bg1 (27. Rxe1 Rxh2+ 28. Kg1 Qh3 $19) 27... Bh3+ 28. Kf2 Qc1
29. b3 Rf4 $19) 26... Qc1 27. Qd2 (27. Rg1 $2 {Kortschnoj} Qe1+ 28. Kg2 Re2+
29. Kh1 Qxf1 $19) 27... Qxb2 28. Bd3 Qxd2+ 29. Nxd2 a5 {This ending is
different from the standard Dilworth ending, were White has lost the f-pawn
instead of the b-pawn. Black has a material advantage and all white pawns are
weak, but the f-pawn helps in defending the king.} 30. Nb3 (30. a3 $1 $14 {
Kortschnoj}) 30... b4 $2 {Ambitious, but weakening.} 31. cxb4 (31. Bd4 $5 {
Kortschnoj}) 31... axb4 {[%csl Rb4]} 32. Kg3 Rh3+ 33. Kg2 Ra8 (33... Rh4 $142)
34. Ra1 Rh4 35. a3 $2 (35. Be7 $1 Rf4 36. Kg3 Rf7 37. Bxb4 $16) (35. Kg3 {
Kortschnoj} Rh3+ $10) 35... bxa3 36. Rxa3 Rxa3 37. Bxa3 Ra4 $17 38. Bd6 Kf7 39.
Nc5 Ra2+ 40. Kg3 Bc8 41. h4 Ra1 42. Bc2 Ba6 {Black needs to exchange a pair of
minor pieces to crack the white blockade.} 43. h5 Bb5 44. hxg6+ hxg6 45. Kf4
Rc1 46. Bd3 $2 (46. Bb3 {Only chance.}) (46. Bb3 $5 {Kortschnoj} Rc3 47. Bd1)
46... Bxd3 47. Nxd3 Rd1 48. Nc5 Re1 49. Nd3 Rd1 50. Nc5 Rh1 51. Ke5 Rh5+ 52.
Kd4 Kf6 53. f4 Rh2 54. Be5+ Kf5 55. Nb7 Rc2 56. Nd6+ Ke6 57. Ne8 Rc4+ 58. Kd3
Re4 59. Nc7+ Ke7 60. Na6 g5 $19 61. Nc5 Rc4 62. Nb3 gxf4 63. Nd4 c5 64. Ne2 f3
65. Nf4 Ra4 66. Nxd5+ Ke6 67. Nc3 f2 68. Ke2 f1=Q+ 69. Kxf1 Ra1+ 0-1